[Event "London Classic Open 2014"]
[Site "London ENG"]
[Date "2014.12.13"]
[Round "7.22"]
[White "Cox, John J"]
[Black "Stigar, Petter"]
[Result "1-0"]
[WhiteTitle "IM"]
[BlackTitle "FM"]
[WhiteElo "2361"]
[BlackElo "2194"]
[WhiteFideId "401064"]
[BlackFideId "1500341"]
[EventDate "2014.12.08"]

1. d4 d5 2. Nf3 Nf6 3. c4 dxc4 4. e3 e6 5. Bxc4 c5 6. O-O a6 7. dxc5 Qxd1 8.
Rxd1 Bxc5 9. Nbd2 Nbd7 10. Nb3 Be7 11. Be2 b6 12. Nfd4 Bb7 13. Bf3 Bxf3 14. gxf3
Rc8 15. Bd2 O-O 16. Rac1 Nc5 17. Nxc5 Bxc5 18. Nb3 Be7 19. e4 Rfd8 20. Kg2 Ne8
21. Be3 Rb8 22. Rxd8 Bxd8 23. Nd4 Bc7 24. Nc6 Ra8 25. a4 Kf8 26. e5 f6 27. f4
Kf7 28. Kf3 b5 29. a5 Rc8 30. Rd1 fxe5 31. Rd7+ Kf8 32. Bc5+ 1-0

[Event "London Classic Open 2014"]
[Site "London ENG"]
[Date "2014.12.13"]
[Round "7.23"]
[White "Mihajlov, Svetoslav"]
[Black "Gourlay, Iain"]
[Result "0-1"]
[BlackTitle "FM"]
[WhiteElo "2181"]
[BlackElo "2360"]
[WhiteFideId "1507168"]
[BlackFideId "2401533"]
[EventDate "2014.12.08"]

1. d4 d5 2. Nf3 Nf6 3. c4 c6 4. Nc3 dxc4 5. a4 Bf5 6. Ne5 Nbd7 7. Nxc4 Qc7 8. g3
e5 9. dxe5 Nxe5 10. Bf4 Nfd7 11. Bg2 f6 12. Nxe5 fxe5 13. Be3 Nc5 14. Bxc5 Bxc5
15. O-O Rd8 16. Qc1 O-O 17. Ne4 Be7 18. a5 Kh8 19. Nc5 b6 20. axb6 axb6 21. Na6
Qd6 22. b4 e4 23. Qc4 Bf6 24. Rac1 e3 25. Qxc6 exf2+ 26. Kh1 Qxc6 27. Rxc6 Bd4
28. Nc7 Rc8 29. Nb5 Rxc6 30. Bxc6 Be3 31. Kg2 g5 32. Nd6 Be6 33. Be4 Rf6 34. Bf3
Rh6 35. g4 Bf4 36. Rd1 Rxh2+ 37. Kf1 Bxg4 38. Rd3 Bh3+ 0-1

[Event "London Classic Open 2014"]
[Site "London ENG"]
[Date "2014.12.13"]
[Round "7.24"]
[White "Amato, Andrea"]
[Black "Jacobsen, Fredrik Beer"]
[Result "1-0"]
[WhiteTitle "FM"]
[WhiteElo "2338"]
[BlackElo "2034"]
[WhiteFideId "813222"]
[BlackFideId "1507044"]
[EventDate "2014.12.08"]

1. Nf3 Nf6 2. c4 b6 3. g3 Bb7 4. Bg2 e6 5. O-O Be7 6. Nc3 O-O 7. Re1 c5 8. e4 d6
9. d4 a6 10. d5 exd5 11. exd5 b5 12. Nh4 b4 13. Nf5 Re8 14. Bg5 Nbd7 15. Ne4 Nf8
16. Nxf6+ gxf6 17. Qh5 Ng6 18. Nh6+ Kg7 19. Nxf7 Qd7 20. Bh3 f5 21. Bh6+ 1-0

[Event "London Classic Open 2014"]
[Site "London ENG"]
[Date "2014.12.13"]
[Round "7.25"]
[White "Moore, Gerald"]
[Black "Adair, James R"]
[Result "0-1"]
[BlackTitle "IM"]
[WhiteElo "2169"]
[BlackElo "2428"]
[WhiteFideId "403440"]
[BlackFideId "406252"]
[EventDate "2014.12.08"]

1. Nf3 c5 2. c4 Nc6 3. Nc3 g6 4. e3 Nf6 5. d4 cxd4 6. exd4 d5 7. cxd5 Nxd5 8.
Qb3 e6 9. Bb5 Bg7 10. O-O O-O 11. Nxd5 exd5 12. Bxc6 bxc6 13. Bf4 Qb6 14. Rfe1
Bf5 15. Qc3 Rfc8 16. Bd6 Be4 17. Bc5 Qc7 18. Ng5 Re8 19. f3 Bf5 20. Rxe8+ Rxe8
21. Re1 Qd8 22. g4 Bd7 23. Nh3 h5 24. Nf2 hxg4 25. fxg4 a6 26. h3 Bh6 27. Kg2 f5
28. Kf1 Bf4 29. Rxe8+ Qxe8 30. Qf3 Bd2 31. Nd3 Qe4 32. Qxe4 dxe4 33. Ne5 Be8 34.
Ke2 Bc1 0-1

[Event "London Classic Open 2014"]
[Site "London ENG"]
[Date "2014.12.13"]
[Round "7.26"]
[White "Jackson, James P"]
[Black "Okike, David"]
[Result "0-1"]
[WhiteTitle "FM"]
[WhiteElo "2356"]
[BlackElo "2169"]
[WhiteFideId "416860"]
[BlackFideId "8500134"]
[EventDate "2014.12.08"]

1. e4 c5 2. Nf3 Nc6 3. d4 cxd4 4. Nxd4 Nf6 5. Nc3 d6 6. Bc4 Bd7 7. Bb3 a6 8. Bg5
Qa5 9. Bxf6 gxf6 10. Qd2 h5 11. f4 Rc8 12. O-O-O Nxd4 13. Qxd4 Qc5 14. Qd3 e6
15. Kb1 b5 16. e5 f5 17. Rhe1 Kd8 18. exd6 Bg7 19. Qg3 Bf6 20. h4 Rc6 21. Ne2
Rxd6 22. Nc1 Kc7 23. Nd3 Qb6 24. Ne5 Be8 25. c4 Rxd1+ 26. Rxd1 Kb8 27. cxb5 axb5
28. Rc1 Bxe5 29. fxe5 Bc6 30. Ka1 Be4 31. Bd1 Qd4 32. Qf4 Rd8 33. Bxh5 Rd7 34.
g3 Ra7 35. Bd1 Qd5 36. a4 Qxd1 37. Rxd1 Rxa4# 0-1

[Event "London Classic Open 2014"]
[Site "London ENG"]
[Date "2014.12.13"]
[Round "7.27"]
[White "Salomon, Johan"]
[Black "Marzano, Carlo"]
[Result "0-1"]
[WhiteTitle "FM"]
[WhiteElo "2343"]
[BlackElo "2166"]
[WhiteFideId "1509500"]
[BlackFideId "802980"]
[EventDate "2014.12.08"]

1. d4 d5 2. c4 c6 3. Nf3 Nf6 4. Nc3 a6 5. e3 b5 6. b3 Bg4 7. a4 b4 8. Nb1 a5 9.
Bb2 Nbd7 10. Nbd2 e6 11. Be2 Be7 12. Rc1 O-O 13. h3 Bh5 14. g4 Bg6 15. Nh4 Be4
16. Nxe4 Nxe4 17. Ng2 f5 18. O-O Rf6 19. cxd5 cxd5 20. Nf4 Bd6 21. Kg2 Rh6 22.
f3 Bxf4 23. exf4 Qh4 24. fxe4 Qxh3+ 25. Kf2 Nf6 26. Qd3 Qh4+ 27. Ke3 fxe4 28.
Qd1 Qg3+ 29. Kd2 Rh2 30. Rc2 Nxg4 31. Kc1 Ne3 32. Qe1 Nxf1 33. Qxf1 Rg2 34. Bd1
Qe3+ 35. Kb1 Rg1 0-1

[Event "London Classic Open 2014"]
[Site "London ENG"]
[Date "2014.12.13"]
[Round "7.28"]
[White "Ethelontis, Alexandros N"]
[Black "Buckley, Graeme N"]
[Result "0-1"]
[BlackTitle "IM"]
[WhiteElo "2160"]
[BlackElo "2327"]
[WhiteFideId "405469"]
[BlackFideId "402265"]
[EventDate "2014.12.08"]

1. c4 b6 2. Nc3 e6 3. e4 Bb7 4. Nge2 f5 5. exf5 Nh6 6. Nf4 Qf6 7. Qh5+ Nf7 8. d4
Nc6 9. Be3 Bb4 10. O-O-O Bxc3 11. bxc3 O-O-O 12. Bd3 g6 13. fxg6 hxg6 14. Qe2 g5
15. Nh5 Qe7 16. Ng3 Na5 17. f3 d5 18. c5 bxc5 19. dxc5 Qf6 20. Kc2 Rh4 21. Rb1
Nc4 22. Rb3 Nfe5 23. Bd4 Rxd4 24. cxd4 Nc6 25. Kb1 Nxd4 26. Qe1 Nxb3 27. axb3
Qb2# 0-1

[Event "London Classic Open 2014"]
[Site "London ENG"]
[Date "2014.12.13"]
[Round "7.29"]
[White "Schoorl, Rob"]
[Black "Chiu, Howard"]
[Result "1-0"]
[WhiteTitle "FM"]
[BlackTitle "CM"]
[WhiteElo "2327"]
[BlackElo "2052"]
[WhiteFideId "1009508"]
[BlackFideId "5801338"]
[EventDate "2014.12.08"]

1. e4 c5 2. Nf3 e6 3. d4 cxd4 4. Nxd4 Nf6 5. Nc3 d6 6. g4 h6 7. h4 Nc6 8. Rg1 h5
9. gxh5 Nxh5 10. Bg5 Nf6 11. Be2 Bd7 12. Qd2 a6 13. f4 Qc7 14. O-O-O Be7 15. h5
O-O-O 16. Rh1 Rh7 17. Bf3 Rdh8 18. Qg2 Ne8 19. Bxe7 Nxe7 20. e5 dxe5 21. fxe5
Nc6 22. Nxc6 Bxc6 23. Bxc6 Qxc6 24. Qe2 f5 25. Rh4 Nc7 26. Rhd4 b5 27. Qe3 Rxh5
28. Rd6 Qb7 29. Rb6 Qa8 30. Qd4 Nd5 31. Qc5+ Nc7 32. Qd6 Nd5 33. Qxe6+ 1-0

[Event "London Classic Open 2014"]
[Site "London ENG"]
[Date "2014.12.13"]
[Round "7.30"]
[White "Williamson, Roger G"]
[Black "Paterek, Michal"]
[Result "1/2-1/2"]
[BlackTitle "FM"]
[WhiteElo "2160"]
[BlackElo "2313"]
[WhiteFideId "414620"]
[BlackFideId "1116142"]
[EventDate "2014.12.08"]

1. d4 d5 2. c4 c6 3. Nf3 Nf6 4. Qc2 dxc4 5. e4 b5 6. b3 cxb3 7. axb3 e6 8. Bd2
a5 9. Bd3 Bb7 10. O-O Nbd7 11. Nc3 Be7 12. e5 Nd5 13. Nxd5 exd5 14. e6 fxe6 15.
Bxh7 Bf6 16. Bg6+ Ke7 17. Rfe1 Nf8 18. Ne5 Qb6 19. Qd3 1/2-1/2

[Event "London Classic Open 2014"]
[Site "London ENG"]
[Date "2014.12.13"]
[Round "7.31"]
[White "Shamima, Akter Liza"]
[Black "Fernandez, Michael"]
[Result "1/2-1/2"]
[WhiteTitle "WIM"]
[BlackTitle "FM"]
[WhiteElo "2159"]
[BlackElo "2301"]
[WhiteFideId "10202587"]
[BlackFideId "5803560"]
[EventDate "2014.12.08"]

1. d4 d5 2. c4 c6 3. Nf3 Nf6 4. Nc3 e6 5. cxd5 exd5 6. Qc2 Bd6 7. Bg5 h6 8. Bxf6
Qxf6 9. Nxd5 Qe6 10. Nc3 f5 11. e3 Nd7 12. Bd3 Nb6 13. O-O Nd5 14. Nxd5 cxd5 15.
Bb5+ Bd7 16. Bxd7+ Qxd7 17. Ne5 Qe6 18. Qa4+ Ke7 19. Qb3 Rab8 20. Nd3 Rhc8 21.
Rac1 Rc4 22. Nc5 Qc8 23. Nd3 Qc7 24. g3 Rc8 25. Rcd1 h5 26. Rfe1 g5 27. f4 g4
28. Ne5 Bxe5 29. dxe5 Ke6 30. Rd3 Qc6 31. Red1 Rd8 32. Rc3 b5 33. Rd4 Qb6 34.
Kf2 Rxd4 35. exd4 Qxd4+ 36. Kf1 Qe4 37. Qxb5 Qh1+ 38. Ke2 Qxh2+ 39. Kd1 Kf7 40.
a4 Qg1+ 41. Kc2 Qb6 42. Qxb6 axb6 43. Kd3 h4 44. gxh4 g3 45. Rc7+ Ke6 46. Rg7
Rh8 47. Rxg3 Rxh4 48. Rg6+ Kd7 49. Rxb6 Rxf4 50. Rd6+ Ke7 51. Rxd5 Rxa4 52. Rc5
Kd7 53. Ke3 Re4+ 54. Kf3 Ke6 1/2-1/2

[Event "London Classic Open 2014"]
[Site "London ENG"]
[Date "2014.12.13"]
[Round "7.32"]
[White "Haugli, Petter"]
[Black "Jones, Steven A"]
[Result "1-0"]
[WhiteTitle "IM"]
[WhiteElo "2283"]
[BlackElo "2096"]
[WhiteFideId "1500104"]
[BlackFideId "419630"]
[EventDate "2014.12.08"]

1. d4 Nf6 2. c4 e6 3. Nc3 Bb4 4. Qc2 Nc6 5. Nf3 d6 6. e3 Qe7 7. Bd2 O-O 8. a3
Bxc3 9. Bxc3 e5 10. Be2 a5 11. b3 Bg4 12. O-O Bh5 13. d5 Nb8 14. e4 Nbd7 15.
Rfe1 c6 16. Nh4 Bg6 17. Nxg6 hxg6 18. f3 cxd5 19. cxd5 Rfc8 20. b4 axb4 21. axb4
Rxa1 22. Rxa1 Qd8 23. Qb2 Nh5 24. Be1 Nf4 25. Bf1 Qg5 26. Kh1 f5 27. Qd2 Qe7 28.
g3 Nh5 29. exf5 gxf5 30. Rc1 Rxc1 31. Qxc1 Nb6 32. Bf2 Nxd5 33. Qc8+ Kh7 34.
Qxf5+ g6 35. Qg4 Ndf6 36. Qh4 Kg7 37. Bd3 d5 38. Bc5 Qe6 39. Qg5 e4 40. fxe4
Nxe4 41. Bd4+ Kh7 42. Qh4 Nf6 43. Kg2 Qe1 44. Qg5 Ne4 45. Qe7+ Kh6 46. Qf8+ Kg5
47. h4+ Kg4 48. Qf3# 1-0

[Event "London Classic Open 2014"]
[Site "London ENG"]
[Date "2014.12.13"]
[Round "7.33"]
[White "Makepeace, Philip J"]
[Black "Mihajlov, Sebastian"]
[Result "0-1"]
[BlackTitle "FM"]
[WhiteElo "2103"]
[BlackElo "2278"]
[WhiteFideId "413550"]
[BlackFideId "1512110"]
[EventDate "2014.12.08"]

1. Nf3 d5 2. d4 Nf6 3. g3 g6 4. Bg2 Bg7 5. O-O O-O 6. b3 c5 7. e3 Ne4 8. Bb2 Nc6
9. Nbd2 f5 10. c4 e6 11. a3 g5 12. cxd5 exd5 13. Qc2 g4 14. Ne5 Nxe5 15. dxe5
Qe7 16. f4 gxf3 17. Nxf3 Be6 18. Rae1 Rac8 19. a4 c4 20. Bd4 b6 21. Nh4 cxb3 22.
Qxb3 Nd2 23. Qa2 Nxf1 24. Bxd5 Bxd5 25. Qxd5+ Kh8 26. Rxf1 Rcd8 27. Qf3 Bxe5 28.
Qh5 Rf6 29. Nxf5 Qe6 30. Qg4 Rg6 31. Qf4 Rxd4 0-1

[Event "London Classic Open 2014"]
[Site "London ENG"]
[Date "2014.12.13"]
[Round "7.34"]
[White "Prosviriakov, Vladimir"]
[Black "Moradi, Kimia"]
[Result "1-0"]
[WhiteTitle "IM"]
[WhiteElo "2271"]
[BlackElo "1920"]
[WhiteFideId "2004860"]
[BlackFideId "12500100"]
[EventDate "2014.12.08"]

1. d4 d5 2. Bf4 Nf6 3. e3 e6 4. Nd2 Nbd7 5. Ngf3 c5 6. c3 Be7 7. Bd3 O-O 8. Ne5
Re8 9. g4 Nxe5 10. dxe5 Nd7 11. Nf3 Nf8 12. h4 Bd7 13. g5 Bc6 14. Rh3 Qb6 15.
Rb1 Red8 16. h5 d4 17. exd4 cxd4 18. Nxd4 Bc5 19. Be3 Rd5 20. b4 Bxd4 21. Bxd4
Qd8 22. Qg4 Be8 23. h6 g6 24. Qf4 Rc8 25. Rd1 b6 26. Rf3 Rc7 27. Be4 Rdd7 28. b5
Rxc3 29. Rxc3 Rxd4 30. Rcd3 Rxd3 31. Rxd3 Qe7 32. Bc6 Bxc6 33. bxc6 Qc5 34. Qe4
Qc1+ 35. Ke2 1-0

[Event "London Classic Open 2014"]
[Site "London ENG"]
[Date "2014.12.13"]
[Round "7.35"]
[White "Roe, Simon J"]
[Black "Nettleton, Charlie B"]
[Result "1-0"]
[WhiteElo "2240"]
[BlackElo "1910"]
[WhiteFideId "401471"]
[BlackFideId "419710"]
[EventDate "2014.12.08"]

1. Nf3 e6 2. c4 f5 3. g3 Nf6 4. Bg2 Be7 5. O-O O-O 6. b3 d6 7. d4 Qe8 8. Bb2 Ne4
9. Nc3 Nd7 10. Nd2 Nxc3 11. Bxc3 e5 12. dxe5 dxe5 13. Nf3 e4 14. Nd4 Nf6 15. Nb5
Bd8 16. Bb4 Rf7 17. Qd2 a6 18. Nc3 b6 19. Rad1 Bb7 20. Qc2 c5 21. Ba3 Bc7 22.
Bb2 Rd7 23. Rxd7 Qxd7 24. Rd1 Qf7 25. a4 Bc6 26. e3 Rd8 27. Rxd8+ Bxd8 28. Bf1
a5 29. Qd1 Bc7 30. Nb5 Bxb5 31. cxb5 Qd7 32. Bc4+ Kf8 33. Qxd7 Nxd7 34. Be6 Ne5
35. Bxe5 Bxe5 36. Bxf5 h6 37. Bxe4 Bb2 38. f4 Bc1 39. Kf2 Ke7 40. Kf3 Ke6 41.
Bd3 Bb2 42. Bc4+ Kd6 43. h4 Bc3 44. h5 Bd2 45. g4 Bc1 46. g5 Bb2 47. gxh6 gxh6
48. e4 Bc3 49. e5+ Kd7 50. Ke4 Bd2 51. f5 Bg5 52. f6 Bc1 53. Kf5 Bb2 54. Bd5 1-0

[Event "London Classic Open 2014"]
[Site "London ENG"]
[Date "2014.12.13"]
[Round "7.36"]
[White "Robert, Pierre"]
[Black "Semprun Martinez, Fernando"]
[Result "0-1"]
[WhiteElo "2051"]
[BlackElo "2239"]
[WhiteFideId "204781"]
[BlackFideId "2203170"]
[EventDate "2014.12.08"]

1. e4 e5 2. Nf3 Nc6 3. Bb5 a6 4. Ba4 Nf6 5. O-O Be7 6. Re1 b5 7. Bb3 O-O 8. c3
d6 9. h3 Na5 10. Bc2 c5 11. d4 Nd7 12. Nbd2 exd4 13. cxd4 Nc6 14. dxc5 dxc5 15.
Nf1 Bf6 16. Ne3 Nde5 17. Nxe5 Bxe5 18. Qxd8 Rxd8 19. a4 Be6 20. axb5 axb5 21.
Rxa8 Rxa8 22. Nf5 Nb4 23. Bb1 Ra1 24. Rd1 h6 25. f4 Rxb1 26. fxe5 Na2 0-1

[Event "London Classic Open 2014"]
[Site "London ENG"]
[Date "2014.12.13"]
[Round "7.38"]
[White "Holleland, Sigve"]
[Black "Ilfeld, Etan"]
[Result "0-1"]
[WhiteElo "2042"]
[BlackElo "2192"]
[WhiteFideId "1513672"]
[BlackFideId "2803470"]
[EventDate "2014.12.08"]

1. d4 d5 2. c4 c6 3. Nf3 e6 4. g3 Nf6 5. Bg2 Bd6 6. Nfd2 O-O 7. Nc3 Re8 8. O-O
Nbd7 9. e4 dxe4 10. Ndxe4 Bc7 11. b4 Nxe4 12. Nxe4 e5 13. d5 cxd5 14. cxd5 h6
15. Bb2 a5 16. b5 f5 17. Nc3 Bd6 18. Ne2 Nc5 19. Rc1 b6 20. f4 e4 21. Bd4 Bb7
22. Bh3 Qd7 23. Nc3 Qf7 24. Kh1 Rac8 25. g4 Nd3 26. gxf5 Nxc1 27. Rg1 Nd3 28. f6
Rxc3 29. Rxg7+ Qxg7 30. fxg7 Rc1 31. Qxc1 Nxc1 32. Be6+ Rxe6 33. dxe6 e3+ 34.
Kg1 Ne2+ 0-1

[Event "London Classic Open 2014"]
[Site "London ENG"]
[Date "2014.12.13"]
[Round "7.39"]
[White "Calderon, Paul"]
[Black "Osborne, Marcus E"]
[Result "0-1"]
[WhiteElo "1866"]
[BlackElo "2176"]
[WhiteFideId "2082160"]
[BlackFideId "404608"]
[EventDate "2014.12.08"]

1. c4 Nf6 2. Nc3 e6 3. e4 d5 4. e5 d4 5. exf6 dxc3 6. bxc3 Qxf6 7. d4 e5 8. Nf3
Nc6 9. dxe5 Nxe5 10. Qe2 Bd6 11. c5 O-O 12. cxd6 Bg4 13. Qc2 Nxf3+ 14. gxf3 Qxf3
15. Rg1 Rae8+ 16. Be3 Rxe3+ 17. fxe3 Qxe3+ 18. Be2 Qxg1+ 19. Kd2 Qxa1 20. Bxg4
Qg1 21. Qe4 Qxh2+ 22. Kc1 Qxd6 23. Kc2 Rd8 24. Qxb7 Qg6+ 0-1

[Event "London Classic Open 2014"]
[Site "London ENG"]
[Date "2014.12.13"]
[Round "7.40"]
[White "Clark, Ian C"]
[Black "Zhou, Yang-Fan"]
[Result "0-1"]
[BlackTitle "IM"]
[WhiteElo "2053"]
[BlackElo "2477"]
[WhiteFideId "407682"]
[BlackFideId "468584"]
[EventDate "2014.12.08"]

1. e4 c5 2. Nf3 d6 3. d4 Nf6 4. Nc3 cxd4 5. Nxd4 g6 6. Be3 a6 7. f3 b5 8. Qd2
Bb7 9. O-O-O Nbd7 10. g4 h6 11. Nb3 Bg7 12. Rg1 Rc8 13. Bd4 Qc7 14. h4 e5 15.
Be3 b4 16. Ne2 d5 17. g5 hxg5 18. hxg5 Ng8 19. Ng3 d4 20. Bf2 Ne7 21. Bd3 a5 22.
Rh1 Rxh1 23. Rxh1 a4 24. Na1 Nc6 25. Ne2 Nc5 26. Kd1 Kf8 27. Bg3 Qb6 28. Rf1 Kg8
29. f4 b3 30. axb3 axb3 31. fxe5 bxc2+ 32. Nxc2 Nxd3 33. Qxd3 Ba6 34. Qf3 Rf8
35. Bf2 Qxb2 36. Rh1 d3 37. Ned4 dxc2+ 0-1

[Event "London Classic Open 2014"]
[Site "London ENG"]
[Date "2014.12.13"]
[Round "7.41"]
[White "McDonald, Neil"]
[Black "Lane, Peter C R"]
[Result "1-0"]
[WhiteTitle "GM"]
[WhiteElo "2431"]
[BlackElo "2043"]
[WhiteFideId "400629"]
[BlackFideId "407607"]
[EventDate "2014.12.08"]

1. e4 e6 2. d4 d5 3. Nd2 Nf6 4. e5 Nfd7 5. Ngf3 c5 6. c3 Nc6 7. Bd3 cxd4 8. cxd4
f5 9. exf6 Nxf6 10. O-O Bd6 11. Nb3 O-O 12. Bg5 Qc7 13. Bh4 Nh5 14. Rc1 Nf4 15.
Bb5 Qb6 16. Bxc6 bxc6 17. Bg3 Ba6 18. Re1 Bc4 19. Re3 Qa6 20. Nc5 Qxa2 21. Nxe6
Qxb2 22. Rc2 Qb5 23. Nxf8 Rxf8 24. Qa1 a5 25. Rb2 Qa6 26. Bxf4 Rxf4 27. Re8+ Kf7
28. Qe1 Re4 29. Rxe4 dxe4 30. Qxe4 h6 31. Ne5+ Kg8 32. Qg6 Bc7 33. Rb1 Bxe5 34.
dxe5 Qc8 35. Qd6 Kh7 36. Rc1 Qg4 37. Qxc6 1-0

[Event "London Classic Open 2014"]
[Site "London ENG"]
[Date "2014.12.13"]
[Round "7.42"]
[White "Barton, R Alan"]
[Black "Coleman, David J"]
[Result "0-1"]
[BlackTitle "CM"]
[WhiteElo "2042"]
[BlackElo "2253"]
[WhiteFideId "404233"]
[BlackFideId "402087"]
[EventDate "2014.12.08"]

1. Nf3 c5 2. c4 Nc6 3. Nc3 e5 4. d3 d6 5. e3 Nf6 6. Be2 Be7 7. O-O O-O 8. a3 d5
9. d4 e4 10. Ne5 dxc4 11. Nxc6 bxc6 12. Bxc4 Bd6 13. h3 Qe7 14. Qe2 Bc7 15. dxc5
Qxc5 16. Bd2 Bf5 17. Rad1 Rae8 18. f4 exf3 19. Rxf3 Bg6 20. Bd3 Qe5 21. Bxg6
Qh2+ 22. Kf2 fxg6 23. Qc4+ Kh8 24. Qh4 Nh5 25. Ne2 Rxf3+ 26. Kxf3 Qd6 27. Nf4
Nxf4 28. exf4 Qd3+ 29. Kg4 h5+ 30. Kg5 Bd8# 0-1

[Event "London Classic Open 2014"]
[Site "London ENG"]
[Date "2014.12.13"]
[Round "7.43"]
[White "Guthrie, David"]
[Black "Jyothilal, N."]
[Result "0-1"]
[WhiteElo "2209"]
[BlackElo "2031"]
[WhiteFideId "4300505"]
[BlackFideId "5002605"]
[EventDate "2014.12.08"]

1. d4 Nf6 2. c4 g6 3. Nc3 d5 4. cxd5 Nxd5 5. e4 Nxc3 6. bxc3 Bg7 7. Nf3 O-O 8.
Be2 c5 9. Rb1 Nc6 10. d5 Ne5 11. Nxe5 Bxe5 12. Qd2 e6 13. f4 Bg7 14. c4 exd5 15.
cxd5 Bd4 16. Bb2 Qb6 17. Bd3 c4 18. Bxc4 Re8 19. Bd3 Bf5 20. Ba1 Qf6 21. Bxd4
Qxd4 22. Rb4 Qxd5 23. Qe2 Qa5 24. Qd2 Rad8 25. Rb3 Rxe4+ 0-1

[Event "London Classic Open 2014"]
[Site "London ENG"]
[Date "2014.12.13"]
[Round "7.44"]
[White "Morello, Guido"]
[Black "Willmoth, Robert F"]
[Result "0-1"]
[WhiteElo "2029"]
[BlackElo "2182"]
[WhiteFideId "836621"]
[BlackFideId "402540"]
[EventDate "2014.12.08"]

1. e4 d6 2. Nc3 Nf6 3. f4 c6 4. Nf3 b5 5. d3 b4 6. Ne2 Qb6 7. Ng3 h5 8. h3 h4 9.
Ne2 Bb7 10. Ned4 e5 11. Nb3 Nh5 12. fxe5 Ng3 13. Rg1 dxe5 14. Qd2 a5 15. Qe3 Qc7
16. Nc5 Bc8 17. Qf2 Bd6 18. Be3 Qe7 19. Na4 Nd7 20. Bg5 f6 21. Bxh4 Nxf1 22.
Rxf1 Ba6 23. b3 Bb5 24. Nb2 a4 25. Nc4 Nc5 26. Ke2 O-O 27. Qe3 Ra6 28. Kf2 Rfa8
29. Rab1 axb3 30. axb3 Bxc4 31. bxc4 Ne6 32. Kg3 g5 33. Kh2 gxh4 34. Nxh4 Ng5
35. Nf5 Qf8 36. h4 Nh7 37. Rf3 Kh8 38. Rbf1 Bc5 39. Qe2 R6a7 40. Rg3 Qe8 41. Qg4
Qf7 42. Nh6 Qf8 43. Qh5 Rg7 44. Rxg7 Qxg7 45. Rf3 Ra7 46. Rg3 Qf8 47. Rg8+ Qxg8
48. Nxg8 Kxg8 49. Qe8+ Nf8 50. Qxc6 Nd7 51. Kg3 Bd4 52. Kg4 Nf8 53. Kf5 Rg7 54.
g4 Rf7 55. Qd5 Kg7 56. c5 Ng6 57. Qd6 Nxh4+ 58. Ke6 Ng6 59. c6 Bb6 60. Qxb4 Bc7
61. Kd5 Nf4+ 62. Kc4 Ne6 63. c3 Ng5 64. Kd5 Nh3 65. d4 Nf2 66. g5 fxg5 67. Qb2
Ng4 68. Qd2 Nf6+ 69. Kc4 Nxe4 70. Qg2 Rf4 71. d5 Nd6+ 72. Kb3 g4 73. Qg1 Kg6 74.
Qa7 Rf7 75. c4 g3 76. Qe3 Nf5 77. Qe4 Bd6 78. c5 Bxc5 79. Qxe5 Bd6 80. Qe4 Re7
81. Qg4+ Kf6 82. Ka4 Rg7 83. Qe4 g2 0-1

[Event "London Classic Open 2014"]
[Site "London ENG"]
[Date "2014.12.13"]
[Round "7.45"]
[White "Lalic, Peter D"]
[Black "Arnetta, Maria Teresa"]
[Result "1-0"]
[BlackTitle "WFM"]
[WhiteElo "2180"]
[BlackElo "2027"]
[WhiteFideId "416711"]
[BlackFideId "811572"]
[EventDate "2014.12.08"]

1. d4 d5 2. Bf4 Nf6 3. e3 c5 4. c3 Nc6 5. Nd2 h6 6. Bd3 e6 7. Ne2 Nh5 8. Be5
cxd4 9. exd4 Bd7 10. f4 Nf6 11. Ng3 Be7 12. O-O O-O 13. Rf3 Ne8 14. Nh5 f6 15.
Rg3 Nxe5 16. dxe5 f5 17. Kh1 Qb6 18. Rb1 Rc8 19. Qf3 Rf7 20. Nb3 Bb5 21. Bxb5
Qxb5 22. Nd4 Qb6 23. Rg6 Rc6 24. Nxc6 Qxc6 25. Qe2 Kh7 26. Rg3 g6 27. Nf6+ Bxf6
28. exf6 Nxf6 29. Qe3 Qa6 30. a3 Ne4 31. Rf3 Rc7 32. Rff1 Qa4 33. Qd4 Qc2 34.
Qxa7 Qb3 35. Qd4 Rc4 36. Qe3 Kg7 37. h3 h5 38. Kh2 Kf7 39. Qe2 Kg7 40. Rbd1 h4
41. Qe1 Qxb2 42. Rb1 Qxc3 43. Rxb7+ Rc7 44. Qxc3+ 1-0

[Event "London Classic Open 2014"]
[Site "London ENG"]
[Date "2014.12.13"]
[Round "7.46"]
[White "Orgler, Philipp"]
[Black "Nilsen, Martin"]
[Result "1-0"]
[WhiteElo "2165"]
[BlackElo "2006"]
[WhiteFideId "1604236"]
[BlackFideId "1510657"]
[EventDate "2014.12.08"]

1. d4 Nf6 2. Nc3 e6 3. e4 d5 4. Bg5 Bb4 5. exd5 exd5 6. Bd3 Bxc3+ 7. bxc3 O-O 8.
Ne2 Bg4 9. O-O Nbd7 10. f3 Bh5 11. Nf4 Qb8 12. Nxh5 Nxh5 13. c4 h6 14. f4 Nhf6
15. cxd5 hxg5 16. fxg5 Nh7 17. Bxh7+ Kxh7 18. Qh5+ Kg8 19. Rf3 f5 20. Rh3 Nf6
21. gxf6 Rxf6 22. Re1 Qf8 23. Re6 Qb4 24. Qh7+ Kf7 25. Rxf6+ Kxf6 26. Qh4+ Kf7
27. Rf3 Qb1+ 28. Rf1 Qxc2 29. Qh7 Kf6 30. g4 g6 31. h4 Rh8 32. g5# 1-0

[Event "London Classic Open 2014"]
[Site "London ENG"]
[Date "2014.12.13"]
[Round "7.47"]
[White "Prior, Stephen C V"]
[Black "Corsino, Gianluca"]
[Result "0-1"]
[WhiteElo "2014"]
[BlackElo "2140"]
[WhiteFideId "423378"]
[BlackFideId "816930"]
[EventDate "2014.12.08"]

1. e4 c5 2. Nf3 d6 3. d4 cxd4 4. Nxd4 Nf6 5. Nc3 g6 6. Be3 Bg7 7. f3 O-O 8. Qd2
Nc6 9. O-O-O Nxd4 10. Bxd4 Be6 11. Kb1 Qc7 12. g4 Rfc8 13. h4 Qa5 14. h5 Rxc3
15. Qxc3 Qxa2+ 16. Kc1 Rc8 17. Qe3 Bb3 18. Bd3 Qa4 19. hxg6 hxg6 20. Kd2 Nxg4
21. fxg4 Bxd4 22. Qh6 Bxc2 23. Rc1 Qb4+ 24. Ke2 Qxb2 25. Qd2 Bxd3+ 26. Kxd3
Qxd2+ 27. Kxd2 Rxc1 28. Rxc1 Bc5 29. e5 b6 30. exd6 Bxd6 31. Kd3 f5 32. gxf5
gxf5 33. Rf1 f4 34. Ke4 Kf7 35. Ra1 Bb8 36. Rh1 Ke6 37. Rh8 Bd6 38. Ra8 a5 39.
Ra6 Bc7 40. Ra8 Kd7 41. Kd5 b5 42. Ra6 f3 43. Rh6 f2 44. Rh1 Bb6 0-1